| 000 | 00919nas a2200277 4500 | ||
|---|---|---|---|
| 001 | BR9102551 | ||
| 003 | BR-BrBNA | ||
| 005 | 20231205092022.0 | ||
| 007 | ta | ||
| 008 | 230509b bl.|||p| |||| 00| 00por d | ||
| 040 |
_aBR-BrBNA _bpor _cBiblioteca Nacional de Agricultura |
||
| 041 | _a(Pt) | ||
| 072 | _aF30 | ||
| 100 | 1 | _aSayao, F.A.D. | |
| 100 | 1 | _aBrioso, P.S.T. | |
| 100 | 1 | _aDuque, F.F. | |
| 245 | 1 | _aComportamento de linhagens de mungo verde em condicoes de campo em Itaguai, Rio de Janeiro | |
| 246 | 1 | _aBehavior of mungbean strains in field conditions at Itaguai, Rio de Janeiro, Brazil | |
| 650 | _aFEIJAO MUNGO | ||
| 650 | _aLINHAGEM | ||
| 650 | _aCOMPORTAMENTO DE VARIEDADE | ||
| 650 | _aRIO DE JANEIRO | ||
| 773 | 0 |
_tPesquisa Agropecuaria Brasileira (Brazil) _xISSN 0100-204X _g(May 1991), v. 26(5) p. 659-664 _wBR9102551 |
|
| 909 |
_a202311 _bLúcia _c55 _dLúcia Elande |
||
| 942 |
_2AGRIS _n0 _cANA |
||
| 999 |
_c128735 _d128735 |
||